00852pam a2200265 i 4500001001400000003000400014005001700018008004100035015001400076020002300090020003900113040002900152082001200181100003300193245006600226264006500292300006400357336002100421337002500442338002300467490003400490650001200524650001600536830003400552vtls000884730PNM20200923073640.0190903s2020 my ao g 000 0 may  aM20-02188 a9789673564279qset a9789673564286qpaperbackcRM 42.25 aBNMbengcBNMerdadPPAK04a5512230 aOmie ShaDylla Taib,eauthor.10aPendebungaan & Kepelbagaian Kejadiannya /cOmie ShaDylla Taib 1aSeri Kembangan, Selangor :bCONTENT PLUS SDN. BHD.,c[2020?] aii, 38 pages :billustrations, colour photographs ;c29 cm. atext2rdacontent aunmediated2rdamedia avolume2rdacarrier1 aSiri Ketakjuban Fenomena Alam10aGeology20aPollination 0aSiri ketakjuban fenomena alam